00449nam a2200109Ia 4500008004100000100002900041245011400070260003300184300001800217650001900235856008500254160712s9999 xx 000 0 und d aTorres-Pilapil, Crisline cCrisline Torres-PilapilaThe Origins of the Party-List Electoral System in the 1986 Constitutional Commission c2015bSocial Science Diliman avol. 11 no. 1 xSOCIAL SCIENCE uhttp://journals.upd.edu.ph/index.php/socialsciencediliman/issue/view/477/showToc